Movies Quiz

Random Movies or Actor Quiz

5-Star Box Office Actresses II Quiz Stats

 Plays Quiz Updated Jan 8, 2019

Challenge
Share
Tweet
Embed
Score 0/55 Timer 08:00
0 Plays Today
% Correct
The Devil Wears Prada
94%
Mamma Mia!
92%
Bridget Jones's Diary
83.9%
When Harry Met Sally...
82.7%
You've Got Mail
82%
Basic Instinct
81.7%
Sleepless in Seattle
81.1%
Marley & Me
78.4%
Ghost
77.6%
Horrible Bosses
76.3%
Black Swan
76.1%
We're the Millers
75.1%
The Break-Up
74.7%
A Few Good Men
73.9%
Batman Returns
73.7%
Jerry Maguire
72.3%
Indecent Proposal
69.9%
Chicago
69.9%
Bad Moms
69%
The Rocky Horror Picture Show
68.6%
Ted
68.2%
Stepmom
68.1%
Into the Woods
67.9%
Bruce Almighty
67.4%
Ant-Man and the Wasp
67.2%
Cold Mountain
66.6%
L.A. Confidential
66.5%
Me, Myself & Irene
66.2%
% Correct
Casino
65.7%
Hitch
62.4%
Batman
62.1%
Mary Poppins Returns
60.6%
City of Angels
59.5%
8 Mile
59.3%
2 Fast 2 Furious
57.3%
Oz The Great and Powerful
56.6%
What Lies Beneath
56.3%
Charlie's Angels: Full Throttle
55.9%
The Client
55.3%
Total Recall
52.9%
Disclosure
47.6%
Ghost Rider
46.6%
Top Gun
44.2%
Once Upon a Time in Mexico
43.5%
The Other Guys
42.2%
Mamma Mia! Here We Go Again
41%
Tammy
38.5%
Murder on the Orient Express
37.7%
Catwoman
36.8%
Hairspray
36.4%
The Specialist
34.3%
Date Night
33.2%
Fifty Shades Freed
31.4%
Fifty Shades Darker
30.8%
Enchanted
30.3%

You're not logged in!

Compare scores with friends on all Sporcle quizzes.
OR
Log In

You Might Also Like...

Show Comments

Extras

Top Quizzes Today


Score Distribution

Your Account Isn't Verified!

In order to create a playlist on Sporcle, you need to verify the email address you used during registration. Go to your Sporcle Settings to finish the process.

Report this User

Report this user for behavior that violates our Community Guidelines.

Details: